MARC

LEADER 00000nam0a2200000 4500
001 45172
005 20231031023758.0
035 |a (RuTPU)RU\TPU\book\46937 
090 |a 45172 
100 |a 20021204d2002 km y0rusy50 ca 
101 0 |a rus 
102 |a RU 
105 |a y c 000zy 
200 1 |a Государственный реестр средств измерений  |e Указатель  |e 2002  |f Государственный комитет РФ по стандартизации и метрологии; сост. Ю. Я. Жуковский; Сост. И. В. Осока 
205 |a Изд. официальное 
210 |a Москва  |c Изд-во стандартов  |d 2002 
215 |a 314 с. 
300 |a Сост. указ. на обороте тит. л. 
610 1 |a измерительная техника 
610 1 |a средства измерений 
610 1 |a классификаторы 
610 1 |a отечественные средства 
610 1 |a зарубежные средства 
610 1 |a Государственный реестр 
610 1 |a указатели 
675 |a 681.2  |v 3 
702 1 |a Жуковский  |b Ю. Я.  |4 220 
702 1 |a Осока  |b И. В.  |4 220 
712 0 1 |a Российская Федерация  |b Государственный комитет по стандартизации и метрологии (Госстандарт России)  |c (1999-2004)  |2 stltpush  |3 (RuTPU)RU\TPU\col\12458 
801 1 |a RU  |b 63413507  |c 20021204  |g PSBO 
801 2 |a RU  |b 63413507  |c 20080404  |g PSBO 
942 |c BK